|
|
|
|
| LEADER |
02089nam a22005295i 4500 |
| 001 |
978-1-4020-4468-7 |
| 003 |
DE-He213 |
| 005 |
20151204155519.0 |
| 007 |
cr nn 008mamaa |
| 008 |
100301s2006 ne | s |||| 0|eng d |
| 020 |
|
|
|a 9781402044687
|9 978-1-4020-4468-7
|
| 024 |
7 |
|
|a 10.1007/1-4020-4468-2
|2 doi
|
| 040 |
|
|
|d GrThAP
|
| 050 |
|
4 |
|a B65
|
| 072 |
|
7 |
|a HPS
|2 bicssc
|
| 072 |
|
7 |
|a PHI019000
|2 bisacsh
|
| 082 |
0 |
4 |
|a 320.01
|2 23
|
| 100 |
1 |
|
|a Wright, George.
|e author.
|
| 245 |
1 |
0 |
|a Religion, Politics and Thomas Hobbes
|h [electronic resource] /
|c by George Wright.
|
| 264 |
|
1 |
|a Dordrecht :
|b Springer Netherlands,
|c 2006.
|
| 300 |
|
|
|a XIV, 358 p.
|b online resource.
|
| 336 |
|
|
|a text
|b txt
|2 rdacontent
|
| 337 |
|
|
|a computer
|b c
|2 rdamedia
|
| 338 |
|
|
|a online resource
|b cr
|2 rdacarrier
|
| 347 |
|
|
|a text file
|b PDF
|2 rda
|
| 490 |
1 |
|
|a International Archives of the History of Ideas / Archives internationales d’histoire des idées,
|x 0066-6610 ;
|v 195
|
| 505 |
0 |
|
|a From the contents Preface. Acknowledgements -- Introduction to the 1668 Appendix -- Hobbes and the Economic Trinity -- The Haunting of Thomas Hobbes -- Hobbes in Exile -- Afterword -- Bibliography. Index of Subjects. Index of Names.
|
| 650 |
|
0 |
|a Philosophy.
|
| 650 |
|
0 |
|a Religion.
|
| 650 |
|
0 |
|a Political science.
|
| 650 |
|
0 |
|a Modern philosophy.
|
| 650 |
|
0 |
|a Religion
|x Philosophy.
|
| 650 |
|
0 |
|a Political philosophy.
|
| 650 |
1 |
4 |
|a Philosophy.
|
| 650 |
2 |
4 |
|a Political Philosophy.
|
| 650 |
2 |
4 |
|a Religious Studies, general.
|
| 650 |
2 |
4 |
|a Political Science.
|
| 650 |
2 |
4 |
|a History of Philosophy.
|
| 650 |
2 |
4 |
|a Modern Philosophy.
|
| 650 |
2 |
4 |
|a Philosophy of Religion.
|
| 710 |
2 |
|
|a SpringerLink (Online service)
|
| 773 |
0 |
|
|t Springer eBooks
|
| 776 |
0 |
8 |
|i Printed edition:
|z 9781402044670
|
| 830 |
|
0 |
|a International Archives of the History of Ideas / Archives internationales d’histoire des idées,
|x 0066-6610 ;
|v 195
|
| 856 |
4 |
0 |
|u http://dx.doi.org/10.1007/1-4020-4468-2
|z Full Text via HEAL-Link
|
| 912 |
|
|
|a ZDB-2-SHU
|
| 950 |
|
|
|a Humanities, Social Sciences and Law (Springer-11648)
|